000 00694nam a2200217Ia 4500
005 20250508164217.0
008 008 250505s9999 xx 000 0 eng d
020 _a0-7619-9220-0
037 _aTextBook
040 _aFEDL
_beng
_cFEDL
041 _aeng
_2eng
084 _a370.954, SHO/R
_qFEDL
100 _aShotton John Robert
_9776333
245 0 _aLearning and freedom : Policy, pedagogy and paradigms in Indian education and schooling
260 _aNew Delhi, India
_bSage Publications
_c1998
300 _a209p
365 _aINR
_b295
650 _aEducation - India; Active Learning - India
_9776334
942 _cTB
_h370.954, SHO/R
999 _c1387557
_d1387557